<?xml version="1.0" encoding="UTF-8"?>
<collection xmlns="http://www.loc.gov/MARC21/slim">
 <record>
  <leader>04567cam a22006857i 4500</leader>
  <controlfield tag="001">000552804</controlfield>
  <controlfield tag="003">CZ-PrVSE</controlfield>
  <controlfield tag="005">20231106151938.0</controlfield>
  <controlfield tag="007">ta</controlfield>
  <controlfield tag="008">181003s2018    xr a   fr     000 0 cze d</controlfield>
  <datafield tag="015" ind1=" " ind2=" ">
   <subfield code="a">cnb003039200</subfield>
  </datafield>
  <datafield tag="020" ind1=" " ind2=" ">
   <subfield code="a">978-80-7400-723-1</subfield>
   <subfield code="q">(brožováno)</subfield>
  </datafield>
  <datafield tag="035" ind1=" " ind2=" ">
   <subfield code="a">(OCoLC)1085383234</subfield>
  </datafield>
  <datafield tag="040" ind1=" " ind2=" ">
   <subfield code="a">ABA001</subfield>
   <subfield code="b">cze</subfield>
   <subfield code="c">ABA006</subfield>
   <subfield code="d">OLA001</subfield>
   <subfield code="d">ABA006</subfield>
   <subfield code="e">rda</subfield>
  </datafield>
  <datafield tag="072" ind1=" " ind2="7">
   <subfield code="a">33</subfield>
   <subfield code="x">Ekonomie</subfield>
   <subfield code="2">Konspekt</subfield>
   <subfield code="9">4</subfield>
  </datafield>
  <datafield tag="072" ind1=" " ind2="9">
   <subfield code="a">330</subfield>
   <subfield code="x">Economics</subfield>
   <subfield code="2">Conspectus</subfield>
   <subfield code="9">4</subfield>
  </datafield>
  <datafield tag="080" ind1=" " ind2=" ">
   <subfield code="a">330.101.541</subfield>
   <subfield code="2">MRF_2003</subfield>
  </datafield>
  <datafield tag="080" ind1=" " ind2=" ">
   <subfield code="a">(075.8)</subfield>
   <subfield code="2">MRF_2003</subfield>
  </datafield>
  <datafield tag="099" ind1=" " ind2="9">
   <subfield code="a">330.1HOL</subfield>
  </datafield>
  <datafield tag="100" ind1="1" ind2=" ">
   <subfield code="a">Holman, Robert,</subfield>
   <subfield code="d">1953-</subfield>
   <subfield code="7">jn20000400997</subfield>
   <subfield code="4">aut</subfield>
  </datafield>
  <datafield tag="245" ind1="1" ind2="0">
   <subfield code="a">Makroekonomie :</subfield>
   <subfield code="b">středně pokročilý kurz : sbírka řešených otázek a příkladů /</subfield>
   <subfield code="c">Robert Holman</subfield>
  </datafield>
  <datafield tag="246" ind1="1" ind2="8">
   <subfield code="a">Makroekonomie - sbírka řešených otázek a příkladů</subfield>
  </datafield>
  <datafield tag="250" ind1=" " ind2=" ">
   <subfield code="a">Vydání druhé</subfield>
  </datafield>
  <datafield tag="264" ind1=" " ind2="1">
   <subfield code="a">V Praze :</subfield>
   <subfield code="b">C.H. Beck,</subfield>
   <subfield code="c">2018</subfield>
  </datafield>
  <datafield tag="300" ind1=" " ind2=" ">
   <subfield code="a">x, 91 stran :</subfield>
   <subfield code="b">ilustrace</subfield>
  </datafield>
  <datafield tag="336" ind1=" " ind2=" ">
   <subfield code="a">text</subfield>
   <subfield code="b">txt</subfield>
   <subfield code="2">rdacontent</subfield>
  </datafield>
  <datafield tag="337" ind1=" " ind2=" ">
   <subfield code="a">bez média</subfield>
   <subfield code="b">n</subfield>
   <subfield code="2">rdamedia</subfield>
  </datafield>
  <datafield tag="338" ind1=" " ind2=" ">
   <subfield code="a">svazek</subfield>
   <subfield code="b">nc</subfield>
   <subfield code="2">rdacarrier</subfield>
  </datafield>
  <datafield tag="490" ind1="1" ind2=" ">
   <subfield code="a">Beckovy ekonomické učebnice</subfield>
  </datafield>
  <datafield tag="650" ind1="0" ind2="7">
   <subfield code="a">makroekonomie</subfield>
   <subfield code="7">ph115205</subfield>
   <subfield code="2">czenas</subfield>
  </datafield>
  <datafield tag="650" ind1="0" ind2="7">
   <subfield code="a">úlohy</subfield>
   <subfield code="7">ph137664</subfield>
   <subfield code="2">czenas</subfield>
  </datafield>
  <datafield tag="655" ind1=" " ind2="7">
   <subfield code="a">učebnice vysokých škol</subfield>
   <subfield code="7">fd133772</subfield>
   <subfield code="2">czenas</subfield>
  </datafield>
  <datafield tag="650" ind1="0" ind2="9">
   <subfield code="a">macroeconomics</subfield>
   <subfield code="2">eczenas</subfield>
  </datafield>
  <datafield tag="650" ind1="0" ind2="9">
   <subfield code="a">problems, exercises, etc.</subfield>
   <subfield code="2">eczenas</subfield>
  </datafield>
  <datafield tag="655" ind1=" " ind2="9">
   <subfield code="a">textbooks (higher)</subfield>
   <subfield code="2">eczenas</subfield>
  </datafield>
  <datafield tag="830" ind1=" " ind2="0">
   <subfield code="a">Beckovy ekonomické učebnice</subfield>
  </datafield>
  <datafield tag="993" ind1=" " ind2=" ">
   <subfield code="a">007967407</subfield>
  </datafield>
  <datafield tag="996" ind1=" " ind2=" ">
   <subfield code="1">HPUVV</subfield>
   <subfield code="3">A 13356-V2</subfield>
   <subfield code="4">N:P</subfield>
   <subfield code="5">4202143456</subfield>
   <subfield code="8">20190215</subfield>
   <subfield code="9">330.101.541HOL</subfield>
   <subfield code="f">81</subfield>
   <subfield code="g">531</subfield>
   <subfield code="l">UEP01</subfield>
   <subfield code="m">BOOK</subfield>
   <subfield code="q">Knihovna FM JH volný výběr</subfield>
   <subfield code="t">na 1 měsíc</subfield>
   <subfield code="u">UEP01</subfield>
  </datafield>
  <datafield tag="996" ind1=" " ind2=" ">
   <subfield code="1">HPUVV</subfield>
   <subfield code="3">A 13356-V3</subfield>
   <subfield code="4">N:P</subfield>
   <subfield code="5">4202143664</subfield>
   <subfield code="8">20190429</subfield>
   <subfield code="9">330.101.541HOL</subfield>
   <subfield code="f">81</subfield>
   <subfield code="g">620</subfield>
   <subfield code="l">UEP01</subfield>
   <subfield code="m">BOOK</subfield>
   <subfield code="q">Knihovna FM JH volný výběr</subfield>
   <subfield code="t">na 1 měsíc</subfield>
   <subfield code="u">UEP01</subfield>
  </datafield>
  <datafield tag="996" ind1=" " ind2=" ">
   <subfield code="1">HPUVV</subfield>
   <subfield code="3">A 13356-V4</subfield>
   <subfield code="4">N:P</subfield>
   <subfield code="5">4202143665</subfield>
   <subfield code="8">20190429</subfield>
   <subfield code="9">330.101.541HOL</subfield>
   <subfield code="f">81</subfield>
   <subfield code="g">620</subfield>
   <subfield code="l">UEP01</subfield>
   <subfield code="m">BOOK</subfield>
   <subfield code="q">Knihovna FM JH volný výběr</subfield>
   <subfield code="t">na 1 měsíc</subfield>
   <subfield code="u">UEP01</subfield>
  </datafield>
  <datafield tag="996" ind1=" " ind2=" ">
   <subfield code="1">HSTU1</subfield>
   <subfield code="3">A 13356-V1</subfield>
   <subfield code="4">N:P</subfield>
   <subfield code="5">4202143455</subfield>
   <subfield code="8">20190215</subfield>
   <subfield code="9">330.101.541HOL</subfield>
   <subfield code="f">85</subfield>
   <subfield code="g">531</subfield>
   <subfield code="l">UEP01</subfield>
   <subfield code="m">BOOK</subfield>
   <subfield code="q">Knihovna FM JH studovna I</subfield>
   <subfield code="t">prezenční</subfield>
   <subfield code="u">UEP01</subfield>
  </datafield>
  <datafield tag="996" ind1=" " ind2=" ">
   <subfield code="1">PJMHS</subfield>
   <subfield code="3">F228858f</subfield>
   <subfield code="4">N:P</subfield>
   <subfield code="5">3142324522</subfield>
   <subfield code="8">20190124</subfield>
   <subfield code="9">330.1HOL</subfield>
   <subfield code="f">85</subfield>
   <subfield code="g">50367</subfield>
   <subfield code="l">UEP01</subfield>
   <subfield code="m">BOOK</subfield>
   <subfield code="q">Studovna JM</subfield>
   <subfield code="t">prezenční</subfield>
   <subfield code="u">UEP01</subfield>
   <subfield code="w">20190227</subfield>
  </datafield>
  <datafield tag="996" ind1=" " ind2=" ">
   <subfield code="1">PJMHS</subfield>
   <subfield code="3">F228858k</subfield>
   <subfield code="4">N:P</subfield>
   <subfield code="5">3142346721</subfield>
   <subfield code="8">20201026</subfield>
   <subfield code="9">330.1HOL</subfield>
   <subfield code="f">81</subfield>
   <subfield code="g">54560</subfield>
   <subfield code="l">UEP01</subfield>
   <subfield code="m">BOOK</subfield>
   <subfield code="q">Studovna JM</subfield>
   <subfield code="t">na 1 měsíc</subfield>
   <subfield code="u">UEP01</subfield>
   <subfield code="w">20201118</subfield>
  </datafield>
  <datafield tag="996" ind1=" " ind2=" ">
   <subfield code="1">PSKLA</subfield>
   <subfield code="3">F228858a</subfield>
   <subfield code="4">N:P</subfield>
   <subfield code="5">3142324505</subfield>
   <subfield code="8">20190124</subfield>
   <subfield code="9">330.1HOL</subfield>
   <subfield code="f">81</subfield>
   <subfield code="g">50367</subfield>
   <subfield code="l">UEP01</subfield>
   <subfield code="m">BOOK</subfield>
   <subfield code="q">Knihovna Žižkov - sklad</subfield>
   <subfield code="t">na 1 měsíc</subfield>
   <subfield code="u">UEP01</subfield>
   <subfield code="w">20190208</subfield>
  </datafield>
  <datafield tag="996" ind1=" " ind2=" ">
   <subfield code="1">PSKLA</subfield>
   <subfield code="3">F228858b</subfield>
   <subfield code="4">N:P</subfield>
   <subfield code="5">3142324506</subfield>
   <subfield code="8">20190124</subfield>
   <subfield code="9">330.1HOL</subfield>
   <subfield code="f">81</subfield>
   <subfield code="g">50367</subfield>
   <subfield code="l">UEP01</subfield>
   <subfield code="m">BOOK</subfield>
   <subfield code="q">Knihovna Žižkov - sklad</subfield>
   <subfield code="t">na 1 měsíc</subfield>
   <subfield code="u">UEP01</subfield>
   <subfield code="w">20190208</subfield>
  </datafield>
  <datafield tag="996" ind1=" " ind2=" ">
   <subfield code="1">PSKLA</subfield>
   <subfield code="3">F228858c</subfield>
   <subfield code="4">N:P</subfield>
   <subfield code="5">3142324507</subfield>
   <subfield code="8">20190124</subfield>
   <subfield code="9">330.1HOL</subfield>
   <subfield code="f">81</subfield>
   <subfield code="g">50367</subfield>
   <subfield code="l">UEP01</subfield>
   <subfield code="m">BOOK</subfield>
   <subfield code="q">Knihovna Žižkov - sklad</subfield>
   <subfield code="t">na 1 měsíc</subfield>
   <subfield code="u">UEP01</subfield>
   <subfield code="w">20190208</subfield>
  </datafield>
  <datafield tag="996" ind1=" " ind2=" ">
   <subfield code="1">PSKLA</subfield>
   <subfield code="3">F228858d</subfield>
   <subfield code="4">N:P</subfield>
   <subfield code="5">3142324508</subfield>
   <subfield code="8">20190124</subfield>
   <subfield code="9">330.1HOL</subfield>
   <subfield code="f">81</subfield>
   <subfield code="g">50367</subfield>
   <subfield code="l">UEP01</subfield>
   <subfield code="m">BOOK</subfield>
   <subfield code="q">Knihovna Žižkov - sklad</subfield>
   <subfield code="t">na 1 měsíc</subfield>
   <subfield code="u">UEP01</subfield>
   <subfield code="w">20190208</subfield>
  </datafield>
  <datafield tag="996" ind1=" " ind2=" ">
   <subfield code="1">PSKLA</subfield>
   <subfield code="3">F228858e</subfield>
   <subfield code="4">N:P</subfield>
   <subfield code="5">3142324521</subfield>
   <subfield code="8">20190124</subfield>
   <subfield code="9">330.1HOL</subfield>
   <subfield code="f">81</subfield>
   <subfield code="g">50367</subfield>
   <subfield code="l">UEP01</subfield>
   <subfield code="m">BOOK</subfield>
   <subfield code="q">Knihovna Žižkov - sklad</subfield>
   <subfield code="t">na 1 měsíc</subfield>
   <subfield code="u">UEP01</subfield>
   <subfield code="w">20190219</subfield>
  </datafield>
  <datafield tag="996" ind1=" " ind2=" ">
   <subfield code="1">PSKLA</subfield>
   <subfield code="3">F228858g</subfield>
   <subfield code="4">N:náhrada</subfield>
   <subfield code="5">3142332973</subfield>
   <subfield code="8">20191121</subfield>
   <subfield code="9">330.1HOL</subfield>
   <subfield code="f">81</subfield>
   <subfield code="l">UEP01</subfield>
   <subfield code="m">BOOK</subfield>
   <subfield code="q">Knihovna Žižkov - sklad</subfield>
   <subfield code="t">na 1 měsíc</subfield>
   <subfield code="u">UEP01</subfield>
   <subfield code="w">20191121</subfield>
  </datafield>
  <datafield tag="996" ind1=" " ind2=" ">
   <subfield code="1">PSKLA</subfield>
   <subfield code="3">F228858h</subfield>
   <subfield code="4">N:náhrada</subfield>
   <subfield code="5">3142332974</subfield>
   <subfield code="8">20191121</subfield>
   <subfield code="9">330.1HOL</subfield>
   <subfield code="f">81</subfield>
   <subfield code="l">UEP01</subfield>
   <subfield code="m">BOOK</subfield>
   <subfield code="q">Knihovna Žižkov - sklad</subfield>
   <subfield code="t">na 1 měsíc</subfield>
   <subfield code="u">UEP01</subfield>
   <subfield code="w">20191121</subfield>
  </datafield>
  <datafield tag="996" ind1=" " ind2=" ">
   <subfield code="1">PSKLA</subfield>
   <subfield code="3">F228858i</subfield>
   <subfield code="4">N:P</subfield>
   <subfield code="5">3142346719</subfield>
   <subfield code="8">20201026</subfield>
   <subfield code="9">330.1HOL</subfield>
   <subfield code="f">81</subfield>
   <subfield code="g">54560</subfield>
   <subfield code="l">UEP01</subfield>
   <subfield code="m">BOOK</subfield>
   <subfield code="q">Knihovna Žižkov - sklad</subfield>
   <subfield code="t">na 1 měsíc</subfield>
   <subfield code="u">UEP01</subfield>
   <subfield code="w">20201112</subfield>
  </datafield>
  <datafield tag="996" ind1=" " ind2=" ">
   <subfield code="1">PSKLA</subfield>
   <subfield code="3">F228858j</subfield>
   <subfield code="4">N:P</subfield>
   <subfield code="5">3142346720</subfield>
   <subfield code="8">20201026</subfield>
   <subfield code="9">330.1HOL</subfield>
   <subfield code="f">81</subfield>
   <subfield code="g">54560</subfield>
   <subfield code="l">UEP01</subfield>
   <subfield code="m">BOOK</subfield>
   <subfield code="q">Knihovna Žižkov - sklad</subfield>
   <subfield code="t">na 1 měsíc</subfield>
   <subfield code="u">UEP01</subfield>
   <subfield code="w">20201112</subfield>
  </datafield>
  <datafield tag="996" ind1=" " ind2=" ">
   <subfield code="1">PSKLA</subfield>
   <subfield code="3">F228858l</subfield>
   <subfield code="4">N:náhrada</subfield>
   <subfield code="5">3142348528</subfield>
   <subfield code="8">20210128</subfield>
   <subfield code="9">330.1HOL</subfield>
   <subfield code="f">81</subfield>
   <subfield code="l">UEP01</subfield>
   <subfield code="m">BOOK</subfield>
   <subfield code="q">Knihovna Žižkov - sklad</subfield>
   <subfield code="t">na 1 měsíc</subfield>
   <subfield code="u">UEP01</subfield>
   <subfield code="w">20210129</subfield>
  </datafield>
  <datafield tag="996" ind1=" " ind2=" ">
   <subfield code="1">PSKLA</subfield>
   <subfield code="3">F228858m</subfield>
   <subfield code="4">N:náhrada</subfield>
   <subfield code="5">3142364316</subfield>
   <subfield code="8">20230214</subfield>
   <subfield code="9">330.1HOL</subfield>
   <subfield code="f">81</subfield>
   <subfield code="l">UEP01</subfield>
   <subfield code="m">BOOK</subfield>
   <subfield code="q">Knihovna Žižkov - sklad</subfield>
   <subfield code="t">na 1 měsíc</subfield>
   <subfield code="u">UEP01</subfield>
   <subfield code="w">20230214</subfield>
  </datafield>
  <datafield tag="996" ind1=" " ind2=" ">
   <subfield code="1">PSKLA</subfield>
   <subfield code="3">F228858o</subfield>
   <subfield code="4">N:náhrada</subfield>
   <subfield code="5">3142376883</subfield>
   <subfield code="8">20251103</subfield>
   <subfield code="9">330.1HOL</subfield>
   <subfield code="f">81</subfield>
   <subfield code="l">UEP01</subfield>
   <subfield code="m">BOOK</subfield>
   <subfield code="q">Knihovna Žižkov - sklad</subfield>
   <subfield code="t">na 1 měsíc</subfield>
   <subfield code="u">UEP01</subfield>
   <subfield code="w">20251205</subfield>
  </datafield>
  <datafield tag="996" ind1=" " ind2=" ">
   <subfield code="1">PSTUD</subfield>
   <subfield code="3">F228858</subfield>
   <subfield code="4">N:P</subfield>
   <subfield code="5">3142324504</subfield>
   <subfield code="8">20190124</subfield>
   <subfield code="9">330.1HOL</subfield>
   <subfield code="f">85</subfield>
   <subfield code="g">50367</subfield>
   <subfield code="l">UEP01</subfield>
   <subfield code="m">BOOK</subfield>
   <subfield code="q">Studovna Žižkov</subfield>
   <subfield code="t">prezenční</subfield>
   <subfield code="u">UEP01</subfield>
   <subfield code="w">20190212</subfield>
  </datafield>
  <datafield tag="996" ind1=" " ind2=" ">
   <subfield code="1">PSTUD</subfield>
   <subfield code="3">F228858ch</subfield>
   <subfield code="4">N:P</subfield>
   <subfield code="5">3142346718</subfield>
   <subfield code="8">20201026</subfield>
   <subfield code="9">330.1HOL</subfield>
   <subfield code="f">81</subfield>
   <subfield code="g">54560</subfield>
   <subfield code="l">UEP01</subfield>
   <subfield code="m">BOOK</subfield>
   <subfield code="q">Studovna Žižkov</subfield>
   <subfield code="t">na 1 měsíc</subfield>
   <subfield code="u">UEP01</subfield>
   <subfield code="w">20201112</subfield>
  </datafield>
  <datafield tag="996" ind1=" " ind2=" ">
   <subfield code="1">PSTUD</subfield>
   <subfield code="3">F228858n</subfield>
   <subfield code="4">N:G</subfield>
   <subfield code="5">3142358357</subfield>
   <subfield code="8">20231102</subfield>
   <subfield code="9">330.1HOL</subfield>
   <subfield code="f">81</subfield>
   <subfield code="l">UEP01</subfield>
   <subfield code="m">BOOK</subfield>
   <subfield code="q">Studovna Žižkov</subfield>
   <subfield code="t">na 1 měsíc</subfield>
   <subfield code="u">UEP01</subfield>
   <subfield code="w">20231108</subfield>
  </datafield>
 </record>
</collection>
